[Event "Venlo VSV 75 B1"]
[Site "Venlo"]
[Date "2000.08.27"]
[Round "3"]
[White "Thijssen, Piet"]
[Black "Van den Berg, Gerard Jr"]
[Result "1/2-1/2"]
[WhiteElo "1871"]
[BlackElo "2025"]
[PlyCount "60"]
[EventDate "2000.08.25"]
[EventType "tourn"]
[EventRounds "3"]
[EventCountry "NED"]
[SourceTitle "EXT 2013"]
[Source "ChessBase"]
[SourceDate "2012.11.22"]
[SourceVersion "1"]
[SourceVersionDate "2012.11.22"]
[SourceQuality "1"]

1. d4 f5 2. c4 Nf6 3. Nc3 g6 4. g3 Bg7 5. Bg2 d6 6. e4 fxe4 7. Nxe4 c6 8. Nxf6+ Bxf6 9. h4 Qb6 10. Qe2 Qxd4 11. Nf3 Qb6 12. h5 Bg4 13. hxg6 hxg6 14. Rxh8+ Bxh8 15. Bg5 Qa5+ 16. Kf1 Qxg5 17. Nxg5 Bxe2+ 18. Kxe2 Bf6 19. Ne4 Nd7 20. Rb1 Kf7 21. b3 Rh8 22. f4 Rh2 23. Kf3 Rh5 24. Rd1 d5 25. Nxf6 Nxf6 26. g4 Rh8 27. g5 Ne4 28. Ke3 Rh2 29. Bxe4 dxe4 30. Rd7 Rxa2 1/2-1/2